000 00443nam a2200157Ia 4500
008 220204s9999 xx 000 0 und d
082 _a678.049.2
_bUSM
245 0 _aAsphalt science and technology. 1997.
260 _aNew York
_bMarcel Dekker
_c1997
650 _aAsphalt coatings
650 _aBitumen polymer blends
650 _aCrumb rubber modifiers
650 _aPolymer modified asphalt
700 _aUsmani, Arthur M
942 _cBK
999 _c41482
_d41482